000 nam a22 a 4500
999 _c326688
_d326688
003 BLK
005 20230323030313.0
008 181123b bu ||||| |||| 00| 0 bu d
020 _a9789544747923
040 _aBLK
041 _aBUL
_cBUL
080 _aИкономическа психология. Икономическо поведение. Физиологични и психологични елементи. Интереси. Икономически дух
_b330.16
_z330.16
080 _aЕтика на бизнеса. Успех
_b174.4
_z174.4
100 _9266744
_aМърфи, Джоузеф
_eпърви автор
139 _aМърфи, Джоузеф
_bМ 97
245 _aВашият безкраен потенциал да забогатявате
_bизползвайте силата на вашето подсъзнание, за да постигнете успеха, който заслужавате
_cДжоузеф Мърфи ; прев. от англ. Ирина Манушева
260 _9209528
_aСофия
_bКибеа
_c2017
_f([София] : Инвестпрес)
300 _a200 с.
_c20 см
380 _a3
490 _9201222
_aСерия Познай себе си
500 _aОриг. загл.: Your infinite power to be rich / Joseph Murphy За автора: с. 2
650 0 _9245306
_aИкономическо поведение
653 7 _9199070
_aуспех
653 7 _9196545
_aсила
653 7 _9187463
_aикономика
700 _aМанушева, Ирина Борисова
_9368041
852 _aЦб 291851
852 _bП
_c330.1/М 97 Д
942 _cKNG
_n0
_s1
944 _aCR
_c2018-11-23
_kКристиан Велковски
_l2018-11-23
944 _aED
_c2021-11-03
_kГГГ